Giáo trình ngân hàng phát triển
Nội dung quyển sách giới thiệu các đặc điểm của dự án phát triển mà vì thế nó là đối tượng chủ yếu được ngân hàng Phát triển tài trợ, giới thiệu ngân hàng phát triển với tầm khái quát cao song cô đọng và súc tích. Đặc biệt tác gi...
Wedi'i Gadw mewn:
| Prif Awdur: | |
|---|---|
| Fformat: | Llyfr |
| Iaith: | Undetermined |
| Cyhoeddwyd: |
Hà Nội
ĐH kinh tế Quốc dân
2005
|
| Pynciau: | |
| Tagiau: |
Ychwanegu Tag
Dim Tagiau, Byddwch y cyntaf i dagio'r cofnod hwn!
|
| Thư viện lưu trữ: | Trung tâm Học liệu Trường Đại học Cần Thơ |
|---|
| LEADER | 01097nam a2200205Ia 4500 | ||
|---|---|---|---|
| 001 | CTU_110843 | ||
| 008 | 210402s9999 xx 000 0 und d | ||
| 020 | |c 36000 | ||
| 082 | |a 332.1 | ||
| 082 | |b H100 | ||
| 100 | |a Phan, Thị Thu Hà | ||
| 245 | 0 | |a Giáo trình ngân hàng phát triển | |
| 245 | 0 | |c Phan Thị Thu Hà | |
| 260 | |a Hà Nội | ||
| 260 | |b ĐH kinh tế Quốc dân | ||
| 260 | |c 2005 | ||
| 520 | |a Nội dung quyển sách giới thiệu các đặc điểm của dự án phát triển mà vì thế nó là đối tượng chủ yếu được ngân hàng Phát triển tài trợ, giới thiệu ngân hàng phát triển với tầm khái quát cao song cô đọng và súc tích. Đặc biệt tác giả đã rất chú trọng tới phân tích tài chính và phân tích hiệu quả kinh tế xã hội của dự án phát triển | ||
| 650 | |a Banks and banking | ||
| 904 | |i Tuyến | ||
| 980 | |a Trung tâm Học liệu Trường Đại học Cần Thơ | ||